Estadísticas para Prueba de Etiopía

Haz click aquí para intentar la prueba.

Estadísticas generales

  • Esta prueba ha sido intentada 617 veces
  • La puntuación promedio es 11 de 19

Estadísticas de respuestas

PreguntaRespuesta% Correcto
¿Qué país se separó de Etiopía en 1993?Eritrea
95%
¿Cuál es el país más grande con el que limita Etiopía?Sudán
95%
¿Cuál es el país más pequeño con el que limita?Yibuti
92%
¿Cuál es la capital de Etiopía?Adís Abeba
89%
¿En qué región geográfica se encuentra Etiopía?{Cuerno} de África
89%
¿Qué país invadió Etiopía en 1936?Italia
78%
¿Qué organización internacional importante está ubicada en esa ciudad?Unión {Africana}
76%
¿Qué evento olímpico ganó Abebe Bikila en 1960 y 1964 sin usar zapatos?Maratón
68%
¿Qué cultivo se originó en Etiopía y es una de las mayores exportaciones del país en la actualidad?Café
61%
¿Qué río importante fluye a través del país?Nilo {Azul}
60%
¿Cuál es el antiguo nombre de Etiopía?Abisinia
43%
¿Qué religión adora a ese emperador como su Mesías?Rastafarismo
39%
¿Qué rama del cristianismo es practicada por una pluralidad de etíopes?{Ortodoxo} Etíope
35%
¿Qué antiguo artefacto religioso afirma poseer una iglesia en Etiopía?Arca de la Alianza
34%
¿Qué serie de conciertos se celebraron en los EE.UU. y el Reino Unido para recaudar dinero para aliviar la hambruna de 1983-1985 en Etiopía?Live Aid
34%
¿Cuál es el idioma oficial de Etiopía?Amárico
33%
¿Quién fue emperador de Etiopía de 1930 a 1975?Haile Selassie
33%
¿Cuál es la moneda de Etiopía?Birr
22%
¿Qué ciudad de Etiopía fue el centro de un imperio que duró desde el año 100 d.C. hasta el 940 d.C.?Aksum
20%

Distribución de puntuación

Porcentaje por número respondido

Porcentaje de gente con cada puntuación

Historial de tus puntuaciones

No has intentado esta prueba.